| 000 | 00878pam a2200289 a 4500 | ||
|---|---|---|---|
| 001 | 1492145 | ||
| 005 | 20260421145056.0 | ||
| 008 | 880318s1988 nyu b 001 0 eng | ||
| 020 | _a0883446235 | ||
| 020 |
_a0883446227 _qpbk. |
||
| 020 | _a9780883446232 | ||
| 020 |
_a9780883446225 _q(pbk.) |
||
| 041 | 1 |
_aeng _hpor |
|
| 050 | 0 | 0 |
_aBT111.2 _b.B6413 1988 |
| 082 | 0 | 0 |
_a231/.044 _219 |
| 100 | 1 | _aBoff, Leonardo. | |
| 245 | 1 | 0 |
_aTrinity and society / _cLeonardo Boff ; translated from the Portuguese by Paul Burns. |
| 260 |
_aMaryknoll, N.Y. : _bOrbis Books, _cc1988. |
||
| 300 |
_axv, 272 p. ; _c22 cm. |
||
| 440 | 0 | _aTheology and liberation series | |
| 500 | _aTranslation of: A trindade, a sociedade e a libertação. | ||
| 500 | _aIncludes index. | ||
| 650 | 0 | _aTrinity. | |
| 650 | 0 | _aChristian sociology | |
| 650 | 0 | _aLiberation theology. | |
| 942 |
_2lcc _cBK _n0 |
||
| 999 |
_c9365 _d9365 |
||